Az Interfood Plusz Kft. piaci helyzetelemzése

Bibliográfiai részletek
Szerző: Rácz Petra
További közreműködők: Brávácz Dr. Ibolya
Varczaba Zsuzsanna
Dokumentumtípus: Projektmunka
Kulcsszavak:marketing
konkurencia
versenytárs
Online Access:http://dolgozattar.uni-bge.hu/20987

MARC

LEADER 00000nnm a2200000 i 4500
001 dolg20987
005 20190510084957.0
008 190510suuuu hu o 000 hun d
040 |a BGE Dolgozattár Repozitórium  |b hun 
041 |a hu 
100 1 |a Rácz Petra 
245 1 3 |a Az Interfood Plusz Kft. piaci helyzetelemzése  |c Rácz Petra  |h [elektronikus dokumentum] 
516 |a Project_work 
695 |a marketing 
695 |a konkurencia 
695 |a versenytárs 
700 1 |a Brávácz Dr. Ibolya  |e ths 
700 1 |a Varczaba Zsuzsanna  |e ths 
856 4 0 |u http://dolgozattar.uni-bge.hu/20987/1/z%C3%A1r%C3%B3dolgozat%20m%C3%A1solata2.pdf  |z Dokumentum-elérés